000 00316nam a2200145Ia 4500
999 _c14333
_d14333
003 OSt
005 20260317180746.0
008 260210s9999 xx 000 0 und d
020 _a9788496540507
082 _a721 MOU
100 _aKubo
245 4 _aThe Function Of Ornament
260 _bActar
942 _cUG
_2ddc